[Event "20th EUR-ch"]
[Site "Skopje MKD"]
[Date "2019.03.18"]
[Round "1"]
[White "Konstantinov, Aleksandar"]
[Black "Zajic, Milan"]
[Result "0-1"]
[WhiteElo "2079"]
[BlackElo "2485"]
[EventDate "2019.03.18"]
[Board "145"]
[PlyCount "72"]

1.d4 Nf6 2.c4 e6 3.Nc3 Bb4 4.Qc2 O-O 5.a3 Bxc3+ 6.Qxc3 d6 7.e3 Re8 8.Nf3 
e5 9.d5 Bg4 10.Nd2 c6 11.f3 Bh5 12.e4 a5 13.Be2 Nbd7 14.Nf1 Rc8 15.Qb3 Nc5
16.Qd1 a4 17.Be3 Nb3 18.Rb1 Bg6 19.Nd2 cxd5 20.Nxb3 dxe4 21.Nd2 exf3 22.
Bxf3 d5 23.cxd5 Nxd5 24.Bxd5 Qxd5 25.O-O Bxb1 26.Nxb1 Qxd1 27.Rxd1 Rc2 28.
Nc3 Rxb2 29.Nxa4 Rb3 30.Bc5 h5 31.Bb4 Rc8 32.Rd2 e4 33.g3 Rc1+ 34.Kg2 Rbb1
35.Nc3 Rxb4 36.axb4 Rxc3 0-1

[Event "20th EUR-ch"]
[Site "Skopje MKD"]
[Date "2019.03.18"]
[Round "1"]
[White "Fakhrutdinov, Timur"]
[Black "Gebigke, Martin"]
[Result "1-0"]
[WhiteElo "2485"]
[BlackElo "2078"]
[EventDate "2019.03.18"]
[Board "146"]
[PlyCount "65"]

1.e4 c5 2.Nf3 d6 3.d4 cxd4 4.Nxd4 Nf6 5.Nc3 a6 6.h3 e6 7.g4 Nfd7 8.g5 Be7 
9.Be3 Nc6 10.h4 O-O 11.a3 Nxd4 12.Qxd4 b5 13.f4 Bb7 14.Rg1 e5 15.Qd2 exf4 
16.Bxf4 Ne5 17.Be2 Rc8 18.O-O-O Qc7 19.h5 Rfd8 20.Nd5 Bxd5 21.exd5 a5 22.
Kb1 b4 23.a4 Bf8 24.g6 hxg6 25.Bxe5 dxe5 26.hxg6 f5 27.Ba6 Be7 28.Bxc8 
Qxc8 29.Qh2 Bf6 30.d6 Qe6 31.Rh1 Kf8 32.Qh8+ Qg8 33.Rh5 1-0

[Event "20th EUR-ch"]
[Site "Skopje MKD"]
[Date "2019.03.18"]
[Round "1"]
[White "Angun, Batu"]
[Black "Radovanovic, Mihajlo"]
[Result "0-1"]
[WhiteElo "2076"]
[BlackElo "2483"]
[EventDate "2019.03.18"]
[Board "147"]
[PlyCount "100"]

1.d4 Nf6 2.c4 g6 3.Nc3 Bg7 4.e4 d6 5.Be2 O-O 6.Nf3 e5 7.d5 a5 8.Bg5 h6 9.
Bh4 Na6 10.Nd2 Qe8 11.O-O Bd7 12.b3 Nh7 13.a3 h5 14.f3 Bh6 15.Bf2 Qe7 16.
Rb1 Qg5 17.Rb2 Bh3 18.g3 Bxf1 19.Nxf1 Qe7 20.Nd2 h4 21.b4 axb4 22.axb4 Nb8
23.c5 Nd7 24.c6 bxc6 25.dxc6 Ndf6 26.g4 Ng5 27.Bf1 h3 28.Nc4 Kg7 29.b5 Rh8
30.b6 cxb6 31.Nb5 Nxg4 32.fxg4 Nxe4 33.Bxb6 Ra6 34.Nc7 Rxb6 35.Nd5 Rxb2 
36.Nxe7 Rxh2 37.Qf3 Ng5 38.Qd5 Rc2 39.Qd3 Ra2 40.c7 e4 41.Qc3+ f6 42.Bxh3 
Nf3+ 43.Kf1 Be3 44.Nb2 Ra1+ 45.Ke2 Rxh3 46.Nd1 Nd4+ 47.Kf1 Rxd1+ 48.Kg2 
Rf3 49.Qb2 Rg1+ 50.Kh2 Rf2+ 0-1

[Event "20th EUR-ch"]
[Site "Skopje MKD"]
[Date "2019.03.18"]
[Round "1"]
[White "Studer, Noel"]
[Black "Peycheva, Gergana"]
[Result "1-0"]
[WhiteElo "2479"]
[BlackElo "2065"]
[EventDate "2019.03.18"]
[Board "148"]
[PlyCount "103"]

1.d4 e6 2.e4 d5 3.Nc3 Bb4 4.exd5 exd5 5.Bd3 Nf6 6.Ne2 O-O 7.O-O Bg4 8.Bg5 
c6 9.Qd2 Nbd7 10.Ng3 c5 11.dxc5 Qa5 12.Be3 Nxc5 13.Bd4 Nce4 14.Bxe4 Nxe4 
15.Qf4 Bxc3 16.bxc3 Bd7 17.Nh5 f6 18.Rae1 Be8 19.Nxg7 Kxg7 20.f3 Bg6 21.
fxe4 dxe4 22.Re3 Rf7 23.Rg3 Re8 24.h4 e3 25.Bxe3 Qe5 26.Qf2 h5 27.Bd4 Qd5 
28.Rf3 Re6 29.Qg3 Kh7 30.Bxf6 Qd6 31.Qg5 b6 32.Kh1 a6 33.Rf4 Qc5 34.Qg3 
Qd6 35.Qf2 b5 36.Kg1 Qf8 37.Bg5 Rxf4 38.Bxf4 Rf6 39.g3 Qc8 40.Qd4 Rf7 41.
Re1 Bxc2 42.Qd5 Bg6 43.Qg5 Qc6 44.Qh6+ Kg8 45.Be5 Rh7 46.Qg5 Rf7 47.Bd4 
Kh7 48.Qd8 Kh6 49.Qh8+ Bh7 50.Re5 Rf1+ 51.Kxf1 Qf3+ 52.Bf2 1-0

[Event "20th EUR-ch"]
[Site "Skopje MKD"]
[Date "2019.03.18"]
[Round "1"]
[White "Pantovic, Dragan M"]
[Black "Diermair, Andreas"]
[Result "0-1"]
[WhiteElo "2063"]
[BlackElo "2478"]
[EventDate "2019.03.18"]
[Board "149"]
[PlyCount "48"]

1.d4 Nf6 2.c4 e6 3.Nc3 Bb4 4.e3 O-O 5.Bd3 d5 6.Nf3 b6 7.O-O Ba6 8.cxd5 
exd5 9.Bxa6 Nxa6 10.Qa4 Qc8 11.Bd2 Re8 12.Nb5 Bf8 13.Ne5 c5 14.Rfc1 Qb7 
15.f3 Nb8 16.a3 a6 17.Nc3 b5 18.Qc2 cxd4 19.exd4 Qb6 20.f4 Qxd4+ 21.Kh1 
Nbd7 22.Be1 Nxe5 23.fxe5 Qxe5 24.Bg3 Qg5 0-1

[Event "20th EUR-ch"]
[Site "Skopje MKD"]
[Date "2019.03.18"]
[Round "1"]
[White "Livaic, Leon"]
[Black "Veljanoski, Andrej"]
[Result "1-0"]
[WhiteElo "2477"]
[BlackElo "2063"]
[EventDate "2019.03.18"]
[Board "150"]
[PlyCount "107"]

1.d4 Nf6 2.c4 e6 3.Nf3 d5 4.Nc3 a6 5.c5 b6 6.cxb6 cxb6 7.Bf4 Bd6 8.Bxd6 
Qxd6 9.e3 Bb7 10.Bd3 Nbd7 11.O-O O-O 12.Rc1 Ne4 13.Nd2 f5 14.Ne2 e5 15.Nb3
Ng5 16.dxe5 Nxe5 17.f3 Qh6 18.Qd2 Rae8 19.Nf4 Nxd3 20.Qxd3 Ne6 21.Nxe6 
Rxe6 22.Rc3 f4 23.exf4 Qxf4 24.Qd4 Qd6 25.Re3 Rh6 26.Qe5 Qxe5 27.Rxe5 Rd6 
28.Rc1 Rfd8 29.Nd4 g6 30.Re7 R8d7 31.Rc7 Rxe7 32.Rxe7 Bc6 33.Rc7 Bd7 34.
Kf2 Kf7 35.Ra7 b5 36.Ke3 Kf6 37.h4 h6 38.g4 g5 39.h5 Ke5 40.Rc7 b4 41.Rb7 
Bb5 42.Rf7 Rf6 43.Rxf6 Kxf6 44.Nf5 Ke5 45.Nxh6 d4+ 46.Kd2 Bc4 47.b3 Bd5 
48.Nf5 Bg8 49.Ne7 Bh7 50.Ng6+ Bxg6 51.hxg6 Kf6 52.Kd3 Kxg6 53.Kxd4 Kf6 54.
Kd5 1-0

[Event "20th EUR-ch"]
[Site "Skopje MKD"]
[Date "2019.03.18"]
[Round "1"]
[White "Trisha, Kanyamarala"]
[Black "Jurcik, Marian"]
[Result "0-1"]
[WhiteElo "2061"]
[BlackElo "2474"]
[EventDate "2019.03.18"]
[Board "151"]
[PlyCount "112"]

1.d4 d6 2.c4 e5 3.Nc3 exd4 4.Qxd4 Nc6 5.Qd2 Nf6 6.Nf3 a5 7.e4 g6 8.Bd3 Bg7
9.O-O O-O 10.b3 Bg4 11.Ne1 a4 12.Rb1 axb3 13.axb3 Nd7 14.Bb2 Nc5 15.Bc2 
Be6 16.Nd3 b6 17.Nf4 Nd4 18.Qd1 Be5 19.Ncd5 Nxc2 20.Qxc2 Ra2 21.b4 Na4 22.
Nd3 Bxb2 23.Nxb2 Bxd5 24.exd5 Qf6 25.Qb3 Nc3 26.Nd1 Ne2+ 27.Kh1 Rfa8 28.
Rb2 R2a3 29.Qc2 Nd4 30.Qd2 Ra1 31.Kg1 Nf5 32.Re1 Qh4 33.Qe2 Rc1 34.c5 dxc5
35.bxc5 Rxc5 36.Rd2 Rd8 37.Ne3 Nxe3 38.Qxe3 Rcxd5 39.Rxd5 Rxd5 40.Qe8+ Kg7
41.h3 Qd8 42.Qa4 b5 43.Qa1+ Qf6 44.Qa2 c6 45.Qa3 c5 46.Qb3 c4 47.Qb4 Re5 
48.Rd1 Re2 49.Qc5 Qe5 50.Qb4 c3 51.f4 c2 52.Rf1 Qe3+ 53.Kh2 c1=Q 54.Rxc1 
Qxc1 55.Qd4+ Kh6 56.Qf6 Qb2 0-1

[Event "20th EUR-ch"]
[Site "Skopje MKD"]
[Date "2019.03.18"]
[Round "1"]
[White "Lodici, Lorenzo"]
[Black "Bejatovic, Bojana"]
[Result "1-0"]
[WhiteElo "2474"]
[BlackElo "2058"]
[EventDate "2019.03.18"]
[Board "152"]
[PlyCount "47"]

1.d4 Nf6 2.c4 c5 3.d5 e5 4.Nc3 d6 5.e4 Be7 6.g3 Nbd7 7.Bg2 Nf8 8.Nf3 h5 9.
a3 Ng6 10.b4 Bg4 11.Qd3 Qc8 12.h4 b6 13.Ng5 Nh7 14.Nxh7 Rxh7 15.Be3 Nf8 
16.O-O f6 17.Qd2 cxb4 18.axb4 Qxc4 19.Rfc1 Rc8 20.Bf1 Qc7 21.Nb5 Qd8 22.
Rxc8 Qxc8 23.Rxa7 g5 24.Ra8 1-0

[Event "20th EUR-ch"]
[Site "Skopje MKD"]
[Date "2019.03.18"]
[Round "1"]
[White "Bakalchuk, Johnatan"]
[Black "Terziev, Dimo"]
[Result "0-1"]
[WhiteElo "2471"]
[BlackElo "2041"]
[EventDate "2019.03.18"]
[Board "154"]
[PlyCount "98"]

1.c4 Nf6 2.Nf3 g6 3.g3 Bg7 4.Bg2 O-O 5.O-O d6 6.Nc3 a6 7.Rb1 Bf5 8.d3 Nc6 
9.b4 e5 10.Bg5 h6 11.Bxf6 Bxf6 12.Nd2 Rb8 13.Nd5 Bg7 14.b5 axb5 15.cxb5 
Ne7 16.Qc2 Nxd5 17.Bxd5 Be6 18.Qc4 Qe7 19.Rfc1 Rfc8 20.Rc2 Kh7 21.a4 Qd7 
22.Ne4 Ra8 23.Bxe6 fxe6 24.Qb4 b6 25.h4 d5 26.Nd2 Bf8 27.Qb3 Bc5 28.e3 Rf8
29.Ra2 Qf7 30.Rf1 Rg8 31.Qc3 g5 32.h5 Qxh5 33.Qxe5 Qf7 34.e4 Rgf8 35.Qc3 
Bxf2+ 36.Kg2 d4 37.Qc6 Qh5 38.e5 Be3 39.Qe4+ Kg7 40.Nf3 g4 41.Nh4 Rxf1 42.
Kxf1 Rf8+ 43.Kg2 Bg5 44.Rc2 Rf7 45.Qxd4 Bxh4 46.gxh4 Qxh4 47.Qe3 Rf3 48.
Rxc7+ Kg6 49.Qe4+ Kh5 0-1

[Event "20th EUR-ch"]
[Site "Skopje MKD"]
[Date "2019.03.18"]
[Round "1"]
[White "Dwilewicz, Katarzyna"]
[Black "Schreiner, Peter"]
[Result "0-1"]
[WhiteElo "2040"]
[BlackElo "2471"]
[EventDate "2019.03.18"]
[Board "155"]
[PlyCount "94"]

1.e4 c5 2.Nf3 Nc6 3.d4 cxd4 4.Nxd4 g6 5.c4 Nf6 6.Nc3 Nxd4 7.Qxd4 d6 8.Bg5 
Bg7 9.Qd2 Be6 10.Rc1 Rc8 11.b3 a6 12.Bd3 h6 13.Bf4 g5 14.Be3 Ng4 15.O-O 
Nxe3 16.Qxe3 Qa5 17.Na4 Rc6 18.Qa7 Qc7 19.Qe3 O-O 20.Nc3 Bxc3 21.Rxc3 b5 
22.Rfc1 Rc8 23.h4 f6 24.Be2 Qa5 25.hxg5 hxg5 26.f4 b4 27.Rd3 Qc5 28.Qxc5 
Rxc5 29.g3 Kg7 30.Kg2 Rh8 31.f5 Bd7 32.g4 Bc6 33.Bf3 a5 34.Rdd1 Re5 35.Re1
Rc5 36.Red1 a4 37.Re1 Ra8 38.Rh1 Rca5 39.Rh5 axb3 40.Rch1 Rxa2+ 41.Kg3 Rg8
42.Rh7+ Kf8 43.c5 Rd2 44.cxd6 Rxd6 45.Rb1 Rd3 46.Kf2 Rc3 47.Bd1 Bxe4 0-1

[Event "20th EUR-ch"]
[Site "Skopje MKD"]
[Date "2019.03.18"]
[Round "1"]
[White "Firat, Burak"]
[Black "Birkholz, Olga"]
[Result "1-0"]
[WhiteElo "2468"]
[BlackElo "2037"]
[EventDate "2019.03.18"]
[Board "156"]
[PlyCount "99"]

1.d4 Nf6 2.c4 g6 3.Nc3 Bg7 4.e4 d6 5.f3 O-O 6.Nge2 a6 7.Be3 Nbd7 8.Ng3 c5 
9.d5 Ne5 10.a4 e6 11.Be2 exd5 12.cxd5 b6 13.O-O Re8 14.h3 Ned7 15.Qd2 Qe7 
16.Rae1 Qf8 17.f4 Rb8 18.Bc4 b5 19.axb5 axb5 20.Bxb5 Rxb5 21.Nxb5 Nxe4 22.
Nxe4 Rxe4 23.Bf2 Rb4 24.Nxd6 Qxd6 25.Re8+ Nf8 26.Rxc8 Rxb2 27.Qc1 Rxf2 28.
Kxf2 Bd4+ 29.Kg3 Qxd5 30.Qa3 Kg7 31.Qa8 Qd6 32.Rd8 Qe7 33.Re8 Qd6 34.Qd8 
Qxd8 35.Rxd8 Ne6 36.Rc8 Kf6 37.Kf3 h5 38.g4 hxg4+ 39.hxg4 g5 40.fxg5+ 
Nxg5+ 41.Kf4 Ne6+ 42.Ke4+ Ke7 43.Kd5 Kd7 44.Rxf7+ Kxc8 45.Kxe6 Be3 46.Rf3 
Bd4 47.g5 Kc7 48.Kd5 Kd7 49.Rf7+ Ke8 50.g6 1-0

[Event "20th EUR-ch"]
[Site "Skopje MKD"]
[Date "2019.03.18"]
[Round "1"]
[White "Grinberg, Eyal"]
[Black "Tadic, Katarina"]
[Result "1-0"]
[WhiteElo "2467"]
[BlackElo "2031"]
[EventDate "2019.03.18"]
[Board "158"]
[PlyCount "57"]

1.e4 c6 2.d4 d5 3.e5 c5 4.dxc5 e6 5.a3 Bxc5 6.b4 Bb6 7.Nf3 Ne7 8.Bd3 Ng6 
9.O-O O-O 10.Re1 Nc6 11.Bb2 a5 12.b5 Nb8 13.Nbd2 Nd7 14.c4 Nc5 15.Bc2 a4 
16.Bd4 Bd7 17.Qe2 Qe7 18.Qe3 Rfc8 19.Rec1 Ba7 20.Rab1 Nb3 21.Bxa7 Nxc1 22.
Rxc1 dxc4 23.Ne4 c3 24.Nd6 Rf8 25.Bc5 Rab8 26.Ng5 b6 27.Bb4 f5 28.Nxf5 Qd8
29.Ne7+ 1-0

[Event "20th EUR-ch"]
[Site "Skopje MKD"]
[Date "2019.03.18"]
[Round "1"]
[White "Gavrilescu, David"]
[Black "Tarun, Kanyamarala"]
[Result "1-0"]
[WhiteElo "2467"]
[BlackElo "2027"]
[EventDate "2019.03.18"]
[Board "160"]
[PlyCount "105"]

1.e4 c6 2.d4 d5 3.exd5 cxd5 4.Nf3 Nf6 5.Ne5 g6 6.Bb5+ Nbd7 7.O-O Bg7 8.Re1
O-O 9.Nf3 Ne4 10.Bd3 Nd6 11.c3 Nf6 12.Bf4 Bf5 13.Bxf5 Nxf5 14.h3 Qb6 15.
Qe2 Rfe8 16.a4 Ne4 17.a5 Qa6 18.Qd1 Nfd6 19.Nbd2 Nxd2 20.Nxd2 Rac8 21.h4 
Rc6 22.h5 Qb5 23.Ra2 Nc4 24.h6 Bf6 25.Nxc4 Rxc4 26.Qf3 Qb3 27.Bd6 Rcc8 28.
Raa1 Bg5 29.Qg4 Bxh6 30.Bxe7 Qxb2 31.Bb4 f5 32.Qf3 Re4 33.Rab1 Qc2 34.Bc5 
Rc7 35.a6 b6 36.Qh3 Rf4 37.f3 Bg5 38.Qg3 h6 39.Bd6 Qxc3 40.Bxc7 Qxc7 41.
Red1 Qd6 42.Qe1 Kf7 43.Rbc1 Rh4 44.Rc8 Qh2+ 45.Kf1 Be7 46.Rc6 Qh1+ 47.Kf2 
Qxe1+ 48.Rxe1 Bb4 49.Rc7+ Kf6 50.Rd1 Ke6 51.Rxa7 Bc3 52.Ke3 Rh2 53.Rc7 1-0

[Event "20th EUR-ch"]
[Site "Skopje MKD"]
[Date "2019.03.18"]
[Round "1"]
[White "Vetokhin, Savva"]
[Black "Repka, Christopher"]
[Result "0-1"]
[WhiteElo "2022"]
[BlackElo "2466"]
[EventDate "2019.03.18"]
[Board "161"]
[PlyCount "52"]

1.e4 e5 2.Nf3 Nc6 3.Bb5 a6 4.Ba4 Nf6 5.O-O Be7 6.d3 d6 7.a3 Bg4 8.Be3 O-O 
9.h3 Bh5 10.Nc3 Nd4 11.Bxd4 exd4 12.Ne2 Bxf3 13.gxf3 c5 14.Ng3 d5 15.c3 
Bd6 16.cxd4 cxd4 17.Bb3 Re8 18.Qd2 Qb8 19.Ne2 Nh5 20.Bxd5 Qd8 21.Rfd1 Re5 
22.f4 Rxd5 23.exd5 Qh4 24.Kg2 Re8 25.Re1 Rxe2 26.Rxe2 Nxf4+ 0-1

[Event "20th EUR-ch"]
[Site "Skopje MKD"]
[Date "2019.03.18"]
[Round "1"]
[White "Costachi, Mihnea"]
[Black "Velkovski, Kristijan"]
[Result "1-0"]
[WhiteElo "2466"]
[BlackElo "2003"]
[EventDate "2019.03.18"]
[Board "162"]
[PlyCount "79"]

1.d4 d5 2.c4 e6 3.Nc3 Nf6 4.cxd5 exd5 5.Bg5 Be7 6.e3 c6 7.Bd3 Nbd7 8.Nge2 
Nh5 9.Bxe7 Qxe7 10.g4 Nhf6 11.Ng3 g6 12.g5 Ng8 13.h4 h6 14.Qe2 hxg5 15.h5 
Nf8 16.O-O-O Nf6 17.hxg6 Rxh1 18.gxf7+ Qxf7 19.Rxh1 Be6 20.Qf3 Bg4 21.Qg2 
N6d7 22.Rh6 O-O-O 23.Qh2 Ne6 24.Kd2 Nb6 25.Rh7 Qf6 26.Rh6 Qf7 27.b3 Rf8 
28.f3 Qxf3 29.Be2 Nxd4 30.exd4 Qf4+ 31.Kc2 Nd7 32.Bxg4 Qxg4 33.Nce2 Qf3 
34.Qh5 g4 35.Re6 Nf6 36.Qe5 Nd7 37.Qd6 Rd8 38.Re7 Qf2 39.Qe6 Qf3 40.Rf7 
1-0

[Event "20th EUR-ch"]
[Site "Skopje MKD"]
[Date "2019.03.18"]
[Round "1"]
[White "Bytyqi, Gzim"]
[Black "Petriashvili, Nikoloz"]
[Result "0-1"]
[WhiteElo "1994"]
[BlackElo "2465"]
[EventDate "2019.03.18"]
[Board "163"]
[PlyCount "36"]

1.d4 d6 2.c4 e5 3.e3 Nd7 4.Nc3 g6 5.Nf3 Bg7 6.d5 f5 7.e4 Ngf6 8.Bg5 O-O 9.
exf5 gxf5 10.Qc2 h6 11.Bh4 e4 12.Nd4 Ne5 13.O-O-O Ng6 14.g3 Nxh4 15.gxh4 
Ng4 16.h3 Qxh4 17.Ncb5 Rf7 18.Kb1 Nxf2 0-1

[Event "20th EUR-ch"]
[Site "Skopje MKD"]
[Date "2019.03.18"]
[Round "1"]
[White "Del Rio Angelis, Salvador Gabriel"]
[Black "Kocyigit, Buse Naz"]
[Result "1-0"]
[WhiteElo "2464"]
[BlackElo "1973"]
[EventDate "2019.03.18"]
[Board "164"]
[PlyCount "65"]

1.d4 Nf6 2.c4 g6 3.Nc3 d5 4.cxd5 Nxd5 5.e4 Nxc3 6.bxc3 Bg7 7.Bb5+ c6 8.Ba4
b5 9.Bb3 Nd7 10.Ne2 a5 11.O-O a4 12.Bc2 Nb6 13.e5 Be6 14.Ng3 O-O 15.h4 Bc4
16.Re1 c5 17.Ne4 cxd4 18.cxd4 f6 19.f4 f5 20.Ng5 Qd5 21.Ba3 Rfe8 22.h5 
Bxa2 23.hxg6 hxg6 24.Rxa2 Qxa2 25.Bxf5 gxf5 26.Qh5 Qd5 27.Qh7+ Kf8 28.
Qxf5+ Kg8 29.Qh7+ Kf8 30.f5 Qxd4+ 31.Kh1 Qg4 32.f6 Qxg5 33.fxg7+ 1-0

[Event "20th EUR-ch"]
[Site "Skopje MKD"]
[Date "2019.03.18"]
[Round "1"]
[White "Gerguri, Arsim"]
[Black "Belyakov, Bogdan"]
[Result "0-1"]
[WhiteElo "1956"]
[BlackElo "2464"]
[EventDate "2019.03.18"]
[Board "165"]
[PlyCount "74"]

1.e4 c5 2.Nf3 a6 3.d4 cxd4 4.Nxd4 Nf6 5.Nc3 e5 6.Nb3 Bb4 7.Bd3 Bxc3+ 8.
bxc3 Qc7 9.c4 d6 10.O-O Be6 11.Ba3 Nbd7 12.Qe2 Rc8 13.Rac1 O-O 14.Rfd1 
Rfd8 15.f3 Ne8 16.Qf2 h6 17.Bb4 b6 18.Ba3 a5 19.Nd2 Qc6 20.Rb1 Qa4 21.Bc1 
Qxa2 22.Rb3 Qa4 23.Nb1 Qc6 24.Nc3 Bxc4 25.Bxc4 Qxc4 26.Nd5 Qxc2 27.Qxc2 
Rxc2 28.Ne7+ Kf8 29.Nf5 Rc6 30.Ba3 Nc5 31.Rb2 f6 32.Bxc5 bxc5 33.Rb7 Ra6 
34.Ne7 a4 35.Ra1 a3 36.Ng6+ Kg8 37.Ne7+ Kh7 0-1

[Event "20th EUR-ch"]
[Site "Skopje MKD"]
[Date "2019.03.18"]
[Round "1"]
[White "Arnaudov, Petar Georgiev"]
[Black "Karaoglan, Kivanc"]
[Result "1-0"]
[WhiteElo "2462"]
[BlackElo "1943"]
[EventDate "2019.03.18"]
[Board "166"]
[PlyCount "93"]

1.d4 Nf6 2.c4 c6 3.Nc3 d5 4.Nf3 g6 5.cxd5 cxd5 6.Bf4 Bg7 7.h3 O-O 8.e3 Nc6
9.Bd3 a6 10.Rc1 Re8 11.O-O Bf5 12.Bxf5 gxf5 13.Na4 Rc8 14.Qb3 b5 15.Nc5 
Qb6 16.Rc2 e6 17.Rfc1 Ne4 18.Nxe4 fxe4 19.Ne5 Bxe5 20.Bxe5 Qb7 21.Bf6 Nb8 
22.Rxc8 Rxc8 23.Rxc8+ Qxc8 24.Qd1 Nd7 25.Qg4+ Kf8 26.Qg7+ Ke8 27.Qg8+ Nf8 
28.Kh2 Qc7+ 29.Be5 Qd8 30.Bg7 Ke7 31.Bh6 Qb8+ 32.g3 Qc8 33.Kg2 a5 34.h4 a4
35.a3 Qe8 36.Qg7 Ng6 37.h5 Nf8 38.Bg5+ Kd6 39.Bf4+ Kc6 40.Qh8 Qe7 41.Bh6 
Nd7 42.Qc8+ Kb6 43.Bf4 b4 44.Qc7+ Ka6 45.Qc6+ Ka7 46.Bd6 Qd8 47.axb4 1-0

[Event "20th EUR-ch"]
[Site "Skopje MKD"]
[Date "2019.03.18"]
[Round "1"]
[White "Bajrami, Zejno"]
[Black "Yankelevich, Lev"]
[Result "0-1"]
[WhiteElo "1938"]
[BlackElo "2462"]
[EventDate "2019.03.18"]
[Board "167"]
[PlyCount "50"]

1.e4 e5 2.Nf3 Nc6 3.Bc4 Nf6 4.d3 h6 5.c3 d6 6.h3 g5 7.Be3 Bg7 8.Na3 O-O 9.
Qd2 d5 10.exd5 Nxd5 11.O-O-O Nxe3 12.fxe3 Na5 13.Kb1 a6 14.d4 Bf5+ 15.Ka1 
e4 16.Ne1 Nxc4 17.Nxc4 Qd5 18.Na3 b5 19.Nac2 a5 20.Qc1 Be6 21.b3 b4 22.
cxb4 axb4 23.Nxb4 Qd6 24.Nec2 Bxb3 25.Na3 Bxd1 0-1

[Event "20th EUR-ch"]
[Site "Skopje MKD"]
[Date "2019.03.18"]
[Round "1"]
[White "Caspi, Israel"]
[Black "Markovski, Velo"]
[Result "1-0"]
[WhiteElo "2461"]
[BlackElo "1935"]
[EventDate "2019.03.18"]
[Board "168"]
[PlyCount "47"]

1.e4 d5 2.exd5 Qxd5 3.Nc3 Qa5 4.d4 c6 5.Nf3 Bg4 6.h3 Bxf3 7.Qxf3 Nf6 8.Bd2
Nbd7 9.O-O-O e6 10.Kb1 Qc7 11.g4 h6 12.h4 Nb6 13.Rg1 O-O-O 14.g5 hxg5 15.
hxg5 Nh5 16.g6 fxg6 17.Bh3 Rxd4 18.Qe3 Bc5 19.Ne4 Nc4 20.Bxe6+ Kb8 21.Bxc4
Re8 22.Bd3 Rd5 23.Qf3 Rf8 24.Qg2 1-0

[Event "20th EUR-ch"]
[Site "Skopje MKD"]
[Date "2019.03.18"]
[Round "1"]
[White "Roch, Florian"]
[Black "Kevlishvili, Robby"]
[Result "1/2-1/2"]
[WhiteElo "1916"]
[BlackElo "2461"]
[EventDate "2019.03.18"]
[Board "169"]
[PlyCount "81"]

1.e4 e5 2.Nf3 Nc6 3.Bb5 a6 4.Ba4 Nf6 5.O-O Be7 6.Re1 b5 7.Bb3 d6 8.c3 O-O 
9.h3 Nb8 10.d4 Nbd7 11.Nbd2 Bb7 12.Bc2 Re8 13.Nf1 Bf8 14.Ng3 g6 15.a4 Nb6 
16.a5 Nbd7 17.b3 exd4 18.cxd4 c5 19.d5 Bg7 20.Ra2 Rc8 21.Bf4 Qe7 22.Bb1 c4
23.b4 Ne5 24.Be3 Nxf3+ 25.Qxf3 Nd7 26.Qd1 Ne5 27.Ne2 Nd3 28.Bxd3 cxd3 29.
Ng3 h5 30.Bd2 Rc4 31.f3 Rec8 32.Ra3 Bc3 33.Rxc3 Rxc3 34.Bxc3 Rxc3 35.Qd2 
Qe5 36.Nh1 Qd4+ 37.Nf2 Qxb4 38.e5 dxe5 39.Ne4 Rc4 40.Nf6+ Kg7 41.Nxh5+ 
1/2-1/2

[Event "20th EUR-ch"]
[Site "Skopje MKD"]
[Date "2019.03.18"]
[Round "1"]
[White "Filip, Andrei"]
[Black "Blohberger, Felix"]
[Result "0-1"]
[WhiteElo "1894"]
[BlackElo "2459"]
[EventDate "2019.03.18"]
[Board "171"]
[PlyCount "63"]

1.e4 c5 2.Nf3 d6 3.d4 cxd4 4.Nxd4 Nf6 5.Nc3 a6 6.Be2 e6 7.O-O Be7 8.f4 Qc7
9.Kh1 O-O 10.Qe1 Nc6 11.Be3 Nxd4 12.Bxd4 b5 13.a3 Bb7 14.Qg3 g6 15.Bf3 Nd7
16.f5 Rae8 17.Bg4 Bf6 18.Be3 Be5 19.Qh3 exf5 20.exf5 Bxc3 21.bxc3 Qxc3 22.
Bh6 Qxh3 23.Bxh3 Nb6 24.Bxf8 Kxf8 25.Rfe1 Be4 26.fxg6 hxg6 27.Re2 f5 28.
Kg1 d5 29.g3 Ke7 30.Bg2 Rc8 31.Bxe4 dxe4 32.Rae1 {.....46moves 0-1.} 0-1

[Event "20th EUR-ch"]
[Site "Skopje MKD"]
[Date "2019.03.18"]
[Round "1"]
[White "Flom, Gabriel"]
[Black "Hart, Alexander"]
[Result "1-0"]
[WhiteElo "2457"]
[BlackElo "1885"]
[EventDate "2019.03.18"]
[Board "172"]
[PlyCount "81"]

1.d4 d5 2.c4 c6 3.Nf3 Nf6 4.Nc3 e6 5.Bg5 dxc4 6.e4 b5 7.e5 h6 8.Bh4 g5 9.
Nxg5 hxg5 10.Bxg5 Be7 11.exf6 Bxf6 12.Bxf6 Qxf6 13.g3 Na6 14.Bg2 Bb7 15.a4
b4 16.Ne4 Qe7 17.Qc2 f5 18.Nd2 c5 19.O-O Qh7 20.h4 Bxg2 21.Kxg2 Qb7+ 22.
Nf3 O-O-O 23.Qxc4 Rd5 24.Rfe1 Re8 25.dxc5 Rxc5 26.Qf4 Qc7 27.Qxc7+ Nxc7 
28.Rac1 Rd5 29.Rc4 a5 30.Ne5 Kb7 31.h5 Rh8 32.Rec1 Na8 33.Ng6 Rh7 34.Nf4 
Rd6 35.Re1 Rh6 36.Re5 Nc7 37.Rxa5 Rb6 38.Rac5 Rh7 39.Rxc7+ Rxc7 40.Rxc7+ 
Kxc7 41.h6 1-0

[Event "20th EUR-ch"]
[Site "Skopje MKD"]
[Date "2019.03.18"]
[Round "1"]
[White "Azadaliyev, Jahandar"]
[Black "Janik, Igor"]
[Result "0-1"]
[WhiteElo "1863"]
[BlackElo "2454"]
[EventDate "2019.03.18"]
[Board "173"]
[PlyCount "92"]

1.d4 d6 2.Nf3 g6 3.g3 Bg7 4.Bg2 Nf6 5.O-O O-O 6.c4 c6 7.Nc3 Bf5 8.Nh4 Be6 
9.b3 Qa5 10.Bb2 Na6 11.e4 Rac8 12.Re1 b5 13.cxb5 cxb5 14.Rc1 b4 15.Na4 Bd7
16.Bf1 Bh6 17.Rxc8 Rxc8 18.Qd3 Nb8 19.Qd1 d5 20.e5 Ne4 21.Bd3 Nc3 22.Bxc3 
bxc3 23.Nc5 Be8 24.f4 e6 25.Bc2 Bf8 26.Nd3 Nc6 27.Nf3 Qxa2 28.g4 Qa5 29.f5
Qb6 30.Nf4 Nb4 31.f6 a5 32.h4 a4 33.bxa4 Nxc2 34.Qxc2 Qb2 35.Rc1 Qxc2 36.
Rxc2 Bxa4 37.Ne1 Bxc2 38.Nxc2 Rb8 39.Nd3 Rb3 40.Kg2 Rb2 41.Ne1 Bb4 42.Kf3 
Ba5 43.Ke3 Rb1 44.Kf3 Bb6 45.Ke3 h6 46.g5 h5 0-1

[Event "20th EUR-ch"]
[Site "Skopje MKD"]
[Date "2019.03.18"]
[Round "1"]
[White "Zwardon, Vojtech"]
[Black "Batkoski, Nenad"]
[Result "1-0"]
[WhiteElo "2452"]
[BlackElo "1846"]
[EventDate "2019.03.18"]
[Board "174"]
[PlyCount "59"]

1.c4 e6 2.g3 c5 3.Nf3 Nc6 4.Bg2 b6 5.d4 cxd4 6.Nxd4 Bb7 7.O-O Bc5 8.Nb5 
Qb8 9.Bf4 e5 10.Be3 Be7 11.Nd2 Nf6 12.Bg5 a6 13.Nc3 h6 14.Bxf6 Bxf6 15.
Nde4 Be7 16.Nd5 Bd8 17.c5 bxc5 18.Nxc5 O-O 19.Nxd7 Qa7 20.Nxf8 Kxf8 21.Rc1
Rb8 22.Qd3 Kg8 23.e3 Ba8 24.Rfd1 Rxb2 25.Nb4 Rxb4 26.Rxc6 Bxc6 27.Qxd8+ 
Kh7 28.Bxc6 Qb6 29.Be4+ g6 30.Qf8 1-0

[Event "20th EUR-ch"]
[Site "Skopje MKD"]
[Date "2019.03.18"]
[Round "1"]
[White "Huttl, Sofie"]
[Black "Macovei, Andrei"]
[Result "0-1"]
[WhiteElo "1741"]
[BlackElo "2450"]
[EventDate "2019.03.18"]
[Board "175"]
[PlyCount "78"]

1.e4 g6 2.d4 Bg7 3.Nf3 d6 4.c4 Nf6 5.Nc3 O-O 6.Be2 Nbd7 7.h3 e5 8.d5 Nc5 
9.Qc2 a5 10.Be3 Nfd7 11.g4 Na6 12.Kd2 f5 13.exf5 gxf5 14.gxf5 Nb4 15.Qe4 
Nc5 16.Qh4 Bxf5 17.Bg5 Qd7 18.Rag1 Kh8 19.Bh6 Bxh6+ 20.Qxh6 Qf7 21.Ng5 Qf6
22.Qxf6+ Rxf6 23.f3 a4 24.Nge4 Bxe4 25.Nxe4 Nxe4+ 26.fxe4 a3 27.Rb1 c5 28.
dxc6 bxc6 29.bxa3 Na6 30.Rb6 Nc5 31.Rxc6 Rxa3 32.Rg1 Rxa2+ 33.Ke1 Ra1+ 34.
Bd1 Ra8 35.Bc2 Rd8 36.Ke2 Ne6 37.Rb6 Nd4+ 38.Kd3 Rf3+ 39.Kd2 Rf2+ 0-1

[Event "20th EUR-ch"]
[Site "Skopje MKD"]
[Date "2019.03.18"]
[Round "1"]
[White "Colovic, Aleksandar"]
[Black "Petrovic, Lazar"]
[Result "1-0"]
[WhiteElo "2449"]
[BlackElo "1690"]
[EventDate "2019.03.18"]
[Board "176"]
[PlyCount "123"]

1.e4 c5 2.Nf3 d6 3.c3 Nf6 4.Be2 e5 5.O-O Be7 6.Re1 O-O 7.Bc4 Bg4 8.h3 Bh5 
9.d3 Nc6 10.a4 Nd7 11.Nbd2 a6 12.Nf1 Bg6 13.Ne3 Qb8 14.Nd5 Bd8 15.Nh2 Kh8 
16.g4 Nb6 17.Nxb6 Bxb6 18.Nf1 f6 19.Ne3 Bd8 20.Bd2 Na5 21.Bd5 Bf7 22.Ra3 
Nc6 23.Bxf7 Rxf7 24.Qb3 Rf8 25.Rea1 b6 26.Qe6 Qc8 27.Qxc8 Rxc8 28.Nd5 Ne7 
29.Ne3 Bc7 30.Kf1 Kg8 31.Ke2 Rfd8 32.f3 d5 33.exd5 Nxd5 34.Nxd5 Rxd5 35.c4
Rd7 36.b4 Rcd8 37.bxc5 bxc5 38.Be3 Bb6 39.Rb1 Ba7 40.Rab3 Rc7 41.Bd2 Rd4 
42.Rb7 Rcd7 43.Rxd7 Rxd7 44.Ba5 Kf7 45.Kd2 Ke6 46.Kc2 Kd6 47.Bb6 Kc6 48.a5
Rb7 49.Bxa7 Rxa7 50.Rb6+ Kd7 51.Kd2 Kc7 52.Ke3 Ra8 53.Ke4 h5 54.g5 fxg5 
55.Rg6 Rd8 56.Rxg7+ Kc6 57.Rg6+ Kb7 58.Rxg5 Rd4+ 59.Ke3 Rh4 60.Rxe5 Rxh3 
61.Rxc5 Rh1 62.Kd4 1-0

[Event "20th EUR-ch"]
[Site "Skopje MKD"]
[Date "2019.03.18"]
[Round "1"]
[White "Taleski, Vaso"]
[Black "Godena, Michele"]
[Result "0-1"]
[WhiteElo "1677"]
[BlackElo "2449"]
[EventDate "2019.03.18"]
[Board "177"]
[PlyCount "34"]

1.e4 e5 2.Nf3 Nc6 3.d4 exd4 4.Nxd4 Qf6 5.Be3 Bc5 6.c3 Nge7 7.f4 O-O 8.e5 
Qh6 9.Qf3 Bxd4 10.cxd4 Nf5 11.d5 Nxe5 12.fxe5 Nxe3 13.Bd3 d6 14.h3 Re8 15.
Kf2 Ng4+ 16.Kg1 Qc1+ 17.Bf1 Qc5+ 0-1